| 000 | 01109nam a2200301 a 4500 | ||
|---|---|---|---|
| 003 | OSt | ||
| 005 | 20210818181610.0 | ||
| 008 | 140804r2014 sp a gr 0011f spa d | ||
| 020 | _a9788444111087 | ||
| 040 | _bspa | ||
| 041 | 1 |
_aspa _heng |
|
| 082 | 0 | 4 |
_a813.48 _bB964j |
| 100 | 1 |
_aBurnett, Frances Hodgson, _d1849-1924. |
|
| 245 | 1 | 3 |
_aEl jardín secreto / _cFrances Hodgson Burnett ; traducción de Roberto Gómez Potugal ; ilustraciones Juan Cáneva Clavero |
| 260 |
_aLeón (España) _bEditorial Everest, S. A. _c2014. |
||
| 300 |
_a419 páginas : _bilustraciones, |
||
| 490 | 1 | _aBolsillo Everest | |
| 500 | _aIncluye datos biográficos | ||
| 534 |
_pTítulo original : _tThe secret garden. |
||
| 650 | 4 | _aNovela estadounidense. | |
| 650 | 6 |
_aHuerfanos _v Novela. |
|
| 650 |
_aPersonas con discapacidades _v Novela. |
||
| 650 | 4 |
_aJardines _v Novela. |
|
| 700 |
_aGómez Portugal, Roberto _etraductor _950169 |
||
| 700 |
_aCáneva Clavero, Juan _eilustrador _950170 |
||
| 942 |
_2ddc _h813.48 B964j _k813.48 _mB964j |
||
| 949 | _a | ||
| 999 |
_c11440 _d11440 |
||